| 000 | 01094nas a22002651c 4500 | ||
|---|---|---|---|
| 001 | ht002205872 | ||
| 008 | 070214m19521992gw |||| 000u eng d | ||
| 022 | _a0032-941X | ||
| 041 | _aeng | ||
| 245 | 0 | 0 |
_aProblems of communism / _cInternational Communication Agency |
| 250 | _aRepr.: New York, NY : Johnson | ||
| 264 |
_aWashington, DC : _bUS Gov.Print.Off., _c1952 |
||
| 362 | 0 | _a1.1952 - 41.1992,3 | |
| 500 | _aInternetausg. --->:|Problems of communism | ||
| 500 | _aForts. --->:|Problems of post-communism | ||
| 500 | _aUrh. bis 19.1970: International Information Administration; teils: US Information Agency | ||
| 710 | 2 | _aUnited States / International Communication Agency | |
| 710 | 2 | _aUnited States / International Information Administration | |
| 710 | 2 | _aInternational Information Administration; teils: US Information Agency | |
| 856 | 4 | _uhttps://catalog.hathitrust.org/Record/000500968 | |
| 910 | 0 | 0 | _a13.1964,2-6; 14.1965; 15.1966; 16.1967; 17.1968,1-3,5-6; 18.1969; 19.1970; 20.1971; 21.1972; 22.1973,1 |
| 942 | _cMG | ||
| 040 | _cRU-10907106 | ||
| 003 | RU-10907106 | ||
| 999 |
_c51363 _d51363 |
||